000 00580nam a2200181Ia 4500
005 20260120124554.0
008 008 260114s9999 xx 000 0 eng d
020 _a9781780521848
037 _aEBOOK
040 _aCRL
_beng
_cCRL
041 _aeng
_2eng
084 _qCRL
245 0 _aLeadership in Education, Corrections and Law Enforcement: A Commitment to Ethics, Equity and Excellence
260 _bEmerald Publishing
_c2011
856 _uhttps://www.emerald.com/insight/publication/doi/10.1108/S1479-3660(2011)12
942 _cEBOOK
999 _c1499804
_d1499804